La protección de los bienes comunes de la Humanidad : un desafío para la política y el derecho del siglo XXI /

Frente a las tendencia global del ecologismo de libre mercado de privatizar los bienes comunes de la humanidad como medio eficaz para su conservación, los autores exponen un análisis jurídico-político que debaten tales tendencias y proponen alternativas para la conservación y protección de los recur...

Celý popis

Uloženo v:
Podrobná bibliografie
Hlavní autor: Gordillo, José Luis (coord.)
Médium: Kniha
Jazyk:španělština
Vydáno: Madrid, España : Trotta, 2006, c2006
Edice:(Estructuras y Procesos. Derecho)
Témata:
Tagy: Přidat tag
Žádné tagy, Buďte první, kdo vytvoří štítek k tomuto záznamu!

MARC

LEADER 00000nam^a2200000^a^4500
001 000189896
005 20250521000000.0
009 20260310102429.366
020 |a 84-8164-820-5 
037 |a Acervo ITESO - Biblioteca 
041 |a ESP 
082 |a 344. 046  |b GOR 
100 |a Gordillo, José Luis  |e (coord.) 
245 1 3 |a La protección de los bienes comunes de la Humanidad :  |b un desafío para la política y el derecho del siglo XXI /  |c Coord. de J.L. Gordillo. 
264 4 |a Madrid, España :  |b Trotta,  |c 2006, c2006 
300 |a 157 p. 
336 |a texto  |b txt  |2 rdacontenido 
337 |a sin mediación  |b n  |2 rdamedio 
338 |a volumen  |b nc  |2 rdasoporte 
440 1 |a (Estructuras y Procesos.  |p Derecho) 
520 |a Frente a las tendencia global del ecologismo de libre mercado de privatizar los bienes comunes de la humanidad como medio eficaz para su conservación, los autores exponen un análisis jurídico-político que debaten tales tendencias y proponen alternativas para la conservación y protección de los recursos naturales. 
649 |a XX 
650 |a Recursos Naturales 
650 |a Conservación y Protección Ambiental 
650 |a Impacto Ambiental 
650 |a Auditoría Ambiental 
650 |a Desarrollo Sustentable 
650 |a Globalización 
650 |a Tratado de Libre Comercio 
650 |a Tratados Internacionales 
650 |a Derecho Ambiental -  |x Tema Principal 
650 |a Derecho Público 
650 |a Derecho Internacional 
910 |a Fondo General 
920 |a Impresos - Libros 
930 |a Colección General 
905 |a 101 
901 |a 0500133244  |b IT1  |c ACC  |u 20250521 
902 |a https://opac.biblio.iteso.mx/vufind/Record/000189896